[Event "AUTO-ADV-1404"]
[Site "http://www.queenalice.com/game.php?id=747792"]
[Date "2010.3.18"]
[Round "2"]
[White "Martin_Stahl"]
[Black "GMLuizFernandes"]
[Result "1-0"]
[WhiteElo "2029"]
[BlackElo "1933"]

1. d4 Nf6 2. Nf3 e6 3. e3 Nc6 4. c3 d5 5. Bd3 Bd6 6. Nbd2 O-O 7. O-O e5 8. e4
dxe4 9. Nxe4 exd4 10. Nxf6+ Qxf6 11. cxd4 1-0

[Event "AUTO-ADV-1404"]
[Site "http://www.queenalice.com/game.php?id=747793"]
[Date "2010.3.18"]
[Round "2"]
[White "GMLuizFernandes"]
[Black "Martin_Stahl"]
[Result "0-1"]
[WhiteElo "1946"]
[BlackElo "2016"]

1. e4 c5 2. Nf3 Nc6 3. Nc3 g6 4. Bc4 Bg7 5. O-O e6 6. d4 cxd4 7. Nb5 d5 8. exd5
exd5 9. Bxd5 Nf6 10. Bxc6+ bxc6 11. Re1+ Be6 0-1

[Event "AUTO-OPEN-1684"]
[Site "http://www.queenalice.com/game.php?id=751017"]
[Date "2010.3.24"]
[Round "2"]
[White "Martin_Stahl"]
[Black "mauricio_sm"]
[Result "1-0"]
[WhiteElo "1960"]
[BlackElo "2035"]

1. d4 Nf6 2. Nf3 e6 3. e3 b6 4. Bd3 Bb7 5. Nbd2 d5 6. O-O Bd6 7. Re1 O-O 8. e4
dxe4 9. Nxe4 Nbd7 10. Nxd6 cxd6 11. c4 h6 12. Be3 d5 13. c5 Qe7 14. Rc1 Rac8 15.
b4 Nb8 16. Bf4 Nc6 17. Bd6 Qd8 18. Bxf8 Kxf8 19. b5 Ne7 20. c6 Ba8 21. Ne5 Kg8
22. h4 Qd6 23. Qb3 Nf5 24. Bxf5 exf5 25. a4 Rc7 26. a5 bxa5 27. b6 axb6 28. Qxb6
Qd8 29. Qxa5 Ne4 30. Nd7 Qxh4 31. Qxa8+ Kh7 32. Nf8+ Kg8 33. Ng6+ Kh7 34. Nxh4
g6 35. Qb8 Re7 36. c7 Rxc7 37. Rxc7 Kg7 38. Nf3 1-0

[Event "AUTO-OPEN-1684"]
[Site "http://www.queenalice.com/game.php?id=751018"]
[Date "2010.3.24"]
[Round "2"]
[White "mauricio_sm"]
[Black "Martin_Stahl"]
[Result "1-0"]
[WhiteElo "2021"]
[BlackElo "1974"]

1. e4 c5 2. Nf3 Nc6 3. d4 cxd4 4. Nxd4 g6 5. Nc3 Bg7 6. Be3 Nf6 7. Bc4 Ne5 8.
Bb3 O-O 9. O-O e6 10. Bf4 d6 11. Ndb5 Nh5 12. Be3 d5 13. exd5 exd5 14. Qxd5 Qxd5
15. Nxd5 Ng4 16. Bxa7 Bd7 17. Ndc7 Bxb5 18. Nxb5 Bxb2 19. Rad1 Be5 20. h3 Ngf6
21. Bd4 Bxd4 22. Rxd4 Ng7 23. Re1 Nf5 24. Rf4 Nd7 25. g4 Nh6 26. Nd6 Nc5 27. g5
Nxb3 28. axb3 Nf5 29. Nxf5 gxf5 30. Rxf5 Rfe8 31. Rfe5 Rxe5 32. Rxe5 Ra1+ 33.
Kg2 Kg7 34. Rb5 Ra6 35. Rxb7 1-0

[Event "QA-ANNIV-05"]
[Site "http://www.queenalice.com/game.php?id=758991"]
[Date "2010.4.10"]
[Round "4"]
[White "gilcesar"]
[Black "Martin_Stahl"]
[Result "1-0"]
[WhiteElo "1894"]
[BlackElo "2013"]

1. e4 c5 2. c4 Nc6 3. Nc3 g6 4. g3 Bg7 5. Bg2 Nf6 6. Nge2 O-O 7. O-O Nd4 8. Nxd4
cxd4 9. Nd5 Nxd5 10. exd5 d6 11. d3 e6 12. Bd2 exd5 13. Bxd5 Qb6 14. Qb3 Qxb3
15. axb3 Bf5 16. Bxb7 Rab8 17. Rxa7 Bxd3 18. Re1 Rfe8 19. Rxe8+ Rxe8 20. Bd5 Re2
21. Ra8+ 1-0

[Event "QA-ANNIV-05"]
[Site "http://www.queenalice.com/game.php?id=793716"]
[Date "2010.6.23"]
[Round "5"]
[White "Martin_Stahl"]
[Black "michas"]
[Result "1-0"]
[WhiteElo "2043"]
[BlackElo "1786"]

1. d4 a6 2. e4 b5 3. Nf3 Bb7 4. Bd3 Nf6 5. Nbd2 e6 6. O-O c5 7. c3 c4 8. Bc2 d5
9. e5 Ne4 10. Re1 Nxd2 11. Bxd2 Be7 12. a4 Bc6 13. b3 bxa4 14. bxc4 dxc4 15.
Bxa4 O-O 16. Bxc6 Nxc6 17. Ra4 Qd5 18. Qa1 a5 19. Qa2 f6 20. Qxc4 fxe5 21. Nxe5
Rfc8 22. Qxd5 exd5 23. Nxc6 1-0

[Event "AUTO-ADV-1577"]
[Site "http://www.queenalice.com/game.php?id=836004"]
[Date "2010.9.21"]
[Round "2"]
[White "goldenboy"]
[Black "Martin_Stahl"]
[Result "1-0"]
[WhiteElo "2105"]
[BlackElo "1914"]

1. e4 c5 2. Nf3 Nc6 3. Bb5 e6 4. d4 cxd4 5. Nxd4 Nf6 6. Bxc6 dxc6 7. Nc3 Bb4 8.
e5 Nd5 9. Bd2 O-O 10. Ne4 Qh4 11. Qe2 Bxd2+ 12. Kxd2 Qf4+ 13. Ke1 Qxe5 14. Rd1
Nf6 15. Nxf6+ Qxf6 16. c3 e5 17. Nc2 Be6 18. b3 Rad8 19. Ne3 1-0

[Event "AUTO-ADV-1577"]
[Site "http://www.queenalice.com/game.php?id=836005"]
[Date "2010.9.21"]
[Round "2"]
[White "Martin_Stahl"]
[Black "goldenboy"]
[Result "0-1"]
[WhiteElo "1920"]
[BlackElo "2025"]

1. d4 d5 2. c4 c6 3. Nc3 Nf6 4. Bf4 e6 5. Nf3 Bb4 6. e3 Qa5 7. Nd2 Bxc3 8. bxc3
Qxc3 9. cxd5 exd5 10. f3 Nh5 11. Be2 Nxf4 12. exf4 Qxd4 13. Nb3 Qxf4 0-1

[Event "AUTO-OPEN-1684"]
[Site "http://www.queenalice.com/game.php?id=836158"]
[Date "2010.9.22"]
[Round "3"]
[White "mauricio_sm"]
[Black "Martin_Stahl"]
[Result "1-0"]
[WhiteElo "2037"]
[BlackElo "1908"]

1. e4 e6 2. d4 d5 3. exd5 Qxd5 4. Nc3 Bb4 5. Qd3 Bd7 6. Qc4 Nc6 7. Qxb4 Nxb4 8.
Nxd5 Nxc2+ 9. Kd1 exd5 10. Kxc2 O-O-O 11. Be3 Nf6 12. Bg5 Rde8 13. Bxf6 gxf6 14.
Bd3 h5 15. Ne2 Re6 16. Rhe1 Rhe8 17. Kd2 Rb6 18. b3 a5 19. Nc3 1-0

[Event "AUTO-OPEN-1684"]
[Site "http://www.queenalice.com/game.php?id=836159"]
[Date "2010.9.22"]
[Round "3"]
[White "Martin_Stahl"]
[Black "mauricio_sm"]
[Result "0-1"]
[WhiteElo "1906"]
[BlackElo "2010"]

1. d4 Nf6 2. c4 e6 3. Nc3 Bb4 4. Nf3 d5 5. Bg5 Nbd7 6. e3 Be7 7. Be2 h6 8. Bh4
b6 9. O-O Bb7 10. a3 O-O 11. Rc1 c5 12. cxd5 Nxd5 13. Bxe7 Qxe7 14. Nxd5 Bxd5
15. dxc5 Nxc5 16. Nd4 Qg5 17. Nf3 Bxf3 18. Bxf3 Rad8 19. Qe2 Rd6 0-1

[Event "AUTO-OPEN-1684"]
[Site "http://www.queenalice.com/game.php?id=836162"]
[Date "2010.9.22"]
[Round "3"]
[White "Martin_Stahl"]
[Black "yclaudiu35"]
[Result "1-0"]
[WhiteElo "1897"]
[BlackElo "1928"]

1. d4 d5 2. c4 dxc4 3. Nc3 e6 4. e4 Nc6 5. Bxc4 Qxd4 6. Qxd4 Nxd4 7. Bd3 Bb4 8.
Be3 Bxc3+ 9. bxc3 Nc6 10. Nf3 Nf6 11. O-O O-O 12. e5 Nd7 13. Bd4 Nxd4 14. cxd4
Rd8 15. Bc4 Nb6 16. Bb3 a5 17. a4 Bd7 18. Rfd1 Nd5 19. Bxd5 Rab8 20. Be4 b6 21.
Rdc1 c5 22. dxc5 Rdc8 23. c6 1-0

[Event "AUTO-OPEN-1684"]
[Site "http://www.queenalice.com/game.php?id=836163"]
[Date "2010.9.22"]
[Round "3"]
[White "yclaudiu35"]
[Black "Martin_Stahl"]
[Result "0-1"]
[WhiteElo "1886"]
[BlackElo "1905"]

1. e4 c5 2. a3 Nc6 3. Bc4 g6 4. Nf3 Bg7 5. Ng5 e6 6. d3 Nf6 7. c3 O-O 8. h4 d5
9. exd5 exd5 10. Ba2 Re8+ 11. Kf1 Bf5 12. Nf3 c4 13. dxc4 dxc4 14. Qxd8 Raxd8
15. Nbd2 Ne5 16. Nxe5 Rxe5 17. Bxc4 Bh6 18. Be2 Bxd2 19. f4 Re7 0-1

[Event "QA-ANNIV-05"]
[Site "http://www.queenalice.com/game.php?id=841319"]
[Date "2010.10.3"]
[Round "6"]
[White "Corinthiano_SP"]
[Black "Martin_Stahl"]
[Result "1-0"]
[WhiteElo "2246"]
[BlackElo "1907"]

1. d4 Nf6 2. Nf3 g6 3. c4 Bg7 4. Nc3 O-O 5. e4 d6 6. Be2 e5 7. O-O Nbd7 8. dxe5
dxe5 9. Qc2 c6 10. Rd1 Qc7 11. Be3 b6 12. Rd2 Bb7 13. Rad1 Rad8 14. Bg5 h6 15.
Bh4 a6 16. b4 c5 17. Nd5 Bxd5 18. cxd5 Qc8 19. b5 a5 20. a3 Rfe8 21. Bc4 Nf8 22.
h3 g5 23. Bg3 Ng6 24. Re1 Rd6 25. Rdd1 Nh5 26. Nd2 Nxg3 27. fxg3 Red8 28. Be2
Bf8 29. Rf1 Be7 30. Nc4 Rf6 31. Rxf6 Bxf6 32. Rf1 Be7 33. Nxb6 Qc7 34. Nc4 1-0

[Event "citryien"]
[Site "http://www.queenalice.com/game.php?id=855170"]
[Date "2010.11.5"]
[Round "4"]
[White "Popeye"]
[Black "Martin_Stahl"]
[Result "0-1"]
[WhiteElo "1708"]
[BlackElo "1894"]

1. d4 Nf6 2. Nc3 g6 3. Nf3 Bg7 4. h3 O-O 5. Bg5 d5 6. e3 Ne4 7. Nxe4 dxe4 8. Nd2
c5 9. Nxe4 cxd4 10. Bd3 dxe3 11. Bxe3 Nc6 12. c3 Bf5 13. O-O Ne5 14. Bc2 Qxd1
15. Rfxd1 Nc4 16. b3 Nxe3 17. fxe3 Rad8 18. g4 Bxe4 19. Bxe4 b6 20. Rxd8 Rxd8
21. Rc1 Rd2 22. a4 Bh6 23. Re1 Bg5 24. Bf3 Rd3 25. Kf2 Rxc3 26. Bd5 Bh4+ 27. Ke2
Bxe1 28. Kxe1 Rxe3+ 29. Kf2 Rxh3 30. Kg2 Rc3 31. Kf2 e6 32. Bc4 Kg7 33. g5 h6
34. gxh6+ Kxh6 35. Ke2 Kg5 36. Kd2 Rg3 37. b4 Kf4 38. a5 bxa5 39. bxa5 Ke5 40.
Bb5 Kd4 41. Be8 Rg2+ 42. Ke1 Ke3 43. Bxf7 Rg1# 0-1

[Event "QA-ANNIV-05"]
[Site "http://www.queenalice.com/game.php?id=885879"]
[Date "2011.1.13"]
[Round "7"]
[White "Martin_Stahl"]
[Black "merlin"]
[Result "1-0"]
[WhiteElo "1903"]
[BlackElo "1678"]

1. d4 d5 2. c4 Nf6 3. Nc3 e6 4. Nf3 Nc6 5. Bg5 Be7 6. e3 Ne4 7. Bxe7 Nxe7 8.
Nxe4 dxe4 9. Nd2 b6 10. Nxe4 Bb7 11. Nd2 Qd6 12. Be2 Qc6 13. Bf3 Nd5 14. cxd5
exd5 15. O-O O-O-O 16. Rc1 Qd6 17. Re1 f5 18. Qc2 c6 19. Qxf5+ Rd7 20. Qc2 h5
21. a3 g5 22. g3 g4 23. Be2 Re7 24. Bd3 Rhe8 25. Qa4 a5 26. b4 Kd7 27. Bf5+ Kc7
28. bxa5 Ra8 29. axb6+ Kd8 30. Qb4 Qf6 31. Bd3 Rf7 32. Re2 Qe7 33. Qxe7+ Kxe7
34. e4 Kf8 35. exd5 cxd5 36. Bg6 Rf6 37. Bxh5 Rxb6 38. Bxg4 Kf7 39. Rc7+ Kf6 40.
Ree7 Bc6 41. Re6+ 1-0

[Event "citryien"]
[Site "http://www.queenalice.com/game.php?id=890432"]
[Date "2011.1.24"]
[Round "5"]
[White "pgrzelak"]
[Black "Martin_Stahl"]
[Result "1-0"]
[WhiteElo "1906"]
[BlackElo "1910"]

1. d4 Nf6 2. Nf3 g6 3. e3 Bg7 4. Nc3 O-O 5. Bd3 d5 6. h3 Nbd7 7. b3 c5 8. Ba3
cxd4 9. Nxd4 a6 10. O-O Ne5 11. Rc1 Nxd3 12. Qxd3 Re8 13. Rfe1 e5 14. Nde2 Bf5
15. e4 Bxe4 16. Nxe4 Nxe4 17. Rcd1 Nf6 18. Qf3 b5 19. Bc1 Rc8 20. c3 1-0

[Event "QA-ANNIV-05"]
[Site "http://www.queenalice.com/game.php?id=953511"]
[Date "2011.6.24"]
[Round "9"]
[White "carpielo"]
[Black "Martin_Stahl"]
[Result "0-1"]
[WhiteElo "1735"]
[BlackElo "1890"]

1. e4 c5 2. d4 cxd4 3. Qxd4 Nc6 4. Qe3 Nf6 5. Be2 e5 6. c3 d5 7. exd5 Nxd5 8.
Qd3 Be7 9. c4 Ndb4 10. Qe4 O-O 11. a3 f5 12. Qf3 Nc2+ 0-1

[Event "QA-ANNIV-05"]
[Site "http://www.queenalice.com/game.php?id=983067"]
[Date "2011.9.9"]
[Round "10"]
[White "Martin_Stahl"]
[Black "Pato"]
[Result "0-1"]
[WhiteElo "1900"]
[BlackElo "2161"]

1. d4 Nf6 2. c4 e5 3. dxe5 Ng4 4. Bf4 g5 5. Bg3 Bg7 6. Nf3 Nc6 7. h4 h6 8. hxg5
hxg5 9. Rxh8+ Bxh8 10. Qc2 Ngxe5 11. Nxe5 Nxe5 12. Nd2 d6 13. O-O-O Be6 14. e3
Qe7 15. Qa4+ Bd7 16. Qb3 O-O-O 17. Be2 Bc6 18. f3 f5 19. f4 Ng4 20. Bxg4 fxg4
21. fxg5 Qxg5 22. Bf4 Qf6 23. g3 Ba4 24. Qc3 Qxc3+ 25. bxc3 Bxd1 26. Kxd1 Bxc3
27. Ne4 Be5 0-1